Insights into existence: (Record no. 13731)

MARC details
000 -LEADER
fixed length control field 01041nam a22002417a 4500
005 - DATE AND TIME OF LATEST TRANSACTION
control field 2008061703453.0
008 - FIXED-LENGTH DATA ELEMENTS--GENERAL INFORMATION
fixed length control field 080617t xxu||||| |||| 00| 0 eng d
010 ## - LIBRARY OF CONGRESS CONTROL NUMBER
LC control number ENG-90343
020 ## - INTERNATIONAL STANDARD BOOK NUMBER
International Standard Book Number 818997310X
Terms of availability 620.00
035 ## - SYSTEM CONTROL NUMBER
System control number EN-73876
037 ## - SOURCE OF ACQUISITION
Source of stock number/acquisition DBAD / PUB
040 ## - CATALOGING SOURCE
Original cataloging agency DPL
Language of cataloging EN
082 ## - DEWEY DECIMAL CLASSIFICATION NUMBER
Classification number 220.24
100 ## - MAIN ENTRY--PERSONAL NAME
Personal name Raghunandan
245 ## - TITLE STATEMENT
Title Insights into existence:
Remainder of title (essays on the Upanisads) /
Statement of responsibility, etc by Raghunandan
260 ## - PUBLICATION, DISTRIBUTION, ETC. (IMPRINT)
Place of publication, distribution, etc New Delhi
Name of publisher, distributor, etc Readworthy Publications
Date of publication, distribution, etc 2008
270 ## - ADDRESS
Address A-18, Mohan Garden, Near Nawada Metro Station,
City New Delhi
Postal code 110059
Telephone number 011-25371324
300 ## - PHYSICAL DESCRIPTION
Extent xx, 281p.
Dimensions 23 cm (Hb)
500 ## - GENERAL NOTE
General note Includes index
942 ## - ADDED ENTRY ELEMENTS (KOHA)
Koha item type English Books
Classification part 220.24
Source of classification or shelving scheme Dewey Decimal Classification
Call number suffix RAG
Holdings
Withdrawn status Lost status Damaged status Not for loan Collection code Home library Current library Date acquired Source of acquisition Cost, normal purchase price Total Checkouts Full call number Barcode Date last seen Copy number Cost, replacement price Price effective from Koha item type Source of classification or shelving scheme Date checked out
      Not For Loan Non-fiction D.B.Act.Division D.B.Act.Division 17/06/2008 DBAD / PUB 620.00   220.24 RAG EN-73876 15/09/2008 1 620.00 15/09/2008 English Books    
        Non-fiction Vinoba Puri Vinoba Puri 05/03/2009   320.00 3 220.24 RAG B-317795 31/07/2019 1 320.00 06/03/2009 English Books Dewey Decimal Classification 13/07/2019

© Delhi Public Library
Hit Counter
free hit counter